00309nam a2200133Ia 4500008004100000041000800041082001200049100001700061245001600078260002900094300003500123365001100158440000600169240624s9999 xx 000 0 und d aeng a200 DEB aDEBROY BIBEK aMAHABHARATA c2015aNew DelhibPenguin axxxviii, : 495 : p. : cm. ; 21 cRSb30 v6